| 000 | 00729nam a2200241 a 4500 | ||
|---|---|---|---|
| 001 | 000018938 | ||
| 005 | 20200929165903.0 | ||
| 008 | 100520s1985 sp a r 000 f spa d | ||
| 020 | _a8426411487 | ||
| 040 |
_aDO-SdBNP _bspa _cBNPHU |
||
| 082 |
_a853.914 _bE19n |
||
| 100 | 1 |
_aEco, Umberto _d1932- _914106 |
|
| 245 | 1 | 3 |
_aEl nombre de la rosa / _cUmberto Eco ; traducción Ricardo Pochtar. |
| 250 | _a10a ed. | ||
| 260 |
_aBarcelona : _bLúmen, _c1985. |
||
| 300 |
_a607 p. ; _c19 cm. |
||
| 490 | 1 |
_aPalabra en el Tiempo ; _vno. 148 |
|
| 650 | 4 |
_aNovela italiana _94322 |
|
| 650 | 4 |
_aLiteratura italiana _93329 |
|
| 700 | 1 |
_aPochtar, Ricardo, _etr. _914107 |
|
| 830 | 0 |
_aPalabra en el Tiempo ; _nno.148 _940755 |
|
| 049 | _aBNGR | ||
| 999 |
_c18456 _d18456 |
||